| 000 | 00696nam a2200217Ia 4500 | ||
|---|---|---|---|
| 003 | OSt | ||
| 005 | 20230714095129.0 | ||
| 008 | 210716s2012 xx 000 0 und d | ||
| 020 | _a9780198085386 | ||
| 040 | _cAIMIT LIBRARY | ||
| 041 | _aeng | ||
| 082 |
_a338.9 _21 _bBRIC |
||
| 245 |
_aBrics report : _bstudy of Brazil Russia India China and South Africa with special focus on synergies and complementarities / |
||
| 250 | _a1st ed. | ||
| 260 |
_aNew Delhi : _bOxford University Press , _c2012. |
||
| 300 |
_axxi,180p. ; _bHB _c22 cm. |
||
| 650 |
_aBest practices _9126842 |
||
| 650 |
_aMajor challenges _9126843 |
||
| 650 |
_aBRICS cooperation _9126844 |
||
| 942 |
_2ddc _cBK _e1st _k338.9 BRIC |
||
| 999 |
_c208764 _d208764 |
||